[Event "Paracin Summer op-A 11th"]
[Site "Paracin"]
[Date "2018.07.11"]
[Round "7"]
[White "Murgul, Nenad"]
[Black "Stojanovic, Sreten"]
[Result "0-1"]
[WhiteElo "1851"]
[BlackElo "2060"]
[PlyCount "160"]
[EventDate "2018.07.06"]
[EventType "swiss"]
[EventRounds "9"]
[EventCountry "SRB"]
[SourceTitle "EXT 2019"]
[Source "ChessBase"]
[SourceDate "2018.10.10"]
[SourceVersion "1"]
[SourceVersionDate "2018.10.10"]
[SourceQuality "1"]

1. e4 d5 2. exd5 Qxd5 3. Nc3 Qa5 4. d4 c6 5. Nf3 Nf6 6. Bd2 Bg4 7. Bc4 e6 8. a3 Qb6 9. Be3 Bxf3 10. gxf3 Qc7 11. Ne4 Nbd7 12. Qd2 Nd5 13. Bb3 N7f6 14. c4 Nxe3 15. Nxf6+ gxf6 16. fxe3 f5 17. 0-0-0 0-0-0 18. Kb1 Rg8 19. Ka2 Rg6 20. Qf2 Be7 21. Rd2 Rdg8 22. Rhd1 Bf6 23. d5 Rg2 24. Qxg2 Rxg2 25. Rxg2 Qe5 26. Rd3 exd5 27. cxd5 c5 28. d6 b5 29. d7+ Kc7 30. Bxf7 c4 31. Rd5 Qxe3 32. Rxb5 c3 33. Rxf5 Qe7 34. Bb3 Kxd7 35. bxc3 Kc6 36. Ba4+ Kc7 37. Rd5 Qe6 38. c4 Qh3 39. Rd7+ Kb6 40. Rgd2 Be5 41. c5+ Ka6 42. Bb3 Qf1 43. Bd1 Qc4+ 44. Bb3 Qc3 45. R2d6+ Bxd6 46. Rxd6+ Kb5 47. Rd8 Qxf3 48. c6 Qg2+ 49. Kb1 Qh1+ 50. Rd1 Qxc6 51. Rd5+ Kb6 52. a4 Qg6+ 53. Kc1 Qg1+ 54. Bd1 Qxh2 55. Rb5+ Kc7 56. Rb2 Qf4+ 57. Kb1 h5 58. Bxh5 Qxa4 59. Be2 Kd6 60. Bb5 Qa3 61. Ra2 Qb3+ 62. Rb2 Qd1+ 63. Ka2 a6 64. Be2 Qa4+ 65. Kb1 a5 66. Bb5 Qe4+ 67. Ka2 Kc5 68. Be2 Qa4+ 69. Kb1 Kd4 70. Ra2 Qb4+ 71. Rb2 Qe1+ 72. Ka2 a4 73. Bb5 Qd1 74. Rb1 Qd2+ 75. Rb2 Qa5 76. Ka3 Qc3+ 77. Ka2 a3 78. Rg2 Kc5 79. Ba4 Qf3 80. Rc2+ Kb4 0-1

[Event "Paracin Summer op-A 11th"]
[Site "Paracin"]
[Date "2018.07.09"]
[Round "4"]
[White "Pajcin, Lav"]
[Black "Stojanovic, Sreten"]
[Result "1-0"]
[WhiteElo "2130"]
[BlackElo "2060"]
[PlyCount "55"]
[EventDate "2018.07.06"]
[EventType "swiss"]
[EventRounds "9"]
[EventCountry "SRB"]
[SourceTitle "CBM 185 Extra"]
[Source "ChessBase"]
[SourceDate "2018.07.29"]
[SourceVersion "1"]
[SourceVersionDate "2018.07.29"]
[SourceQuality "1"]

1. e4 d5 2. exd5 Qxd5 3. Nc3 Qa5 4. g3 c6 5. Bg2 Nf6 6. Nge2 Bg4 7. h3 Bh5 8. 0-0 e6 9. d4 Bd6 10. g4 Bg6 11. Nf4 Qc7 12. Nxg6 hxg6 13. f4 Nbd7 14. a4 0-0-0 15. Qf3 a6 16. a5 Nf8 17. Ne2 Bb4 18. Be3 Bxa5 19. c3 Bb6 20. b4 Nd5 21. Bf2 Nd7 22. Rfb1 Ne7 23. c4 Nb8 24. Qa3 Qd7 25. b5 cxb5 26. cxb5 axb5 27. Qa8 Nd5 28. Rc1+ 1-0

[Event "SRB-chT3 East"]
[Site "Serbia"]
[Date "2017.10.15"]
[Round "11.4"]
[White "Stojanovic, Sreten"]
[Black "Urosevic, Dejan"]
[Result "1/2-1/2"]
[WhiteElo "2065"]
[BlackElo "1899"]
[PlyCount "25"]
[EventDate "2017.09.03"]
[EventType "team-tourn"]
[EventRounds "11"]
[EventCountry "SRB"]
[SourceTitle "EXT 2022"]
[Source "ChessBase"]
[SourceDate "2021.10.06"]
[SourceVersion "1"]
[SourceVersionDate "2021.10.06"]
[SourceQuality "1"]

1. e4 c5 2. Nf3 Nc6 3. Bc4 e6 4. d3 a6 5. Be3 b6 6. Nc3 Nf6 7. h3 h6 8. a3 Be7 9. 0-0 0-0 10. Qd2 Qc7 11. d4 cxd4 12. Nxd4 Nxd4 13. Qxd4 1/2-1/2

[Event "Belgrade Trophy 29th"]
[Site "Belgrade"]
[Date "2015.11.27"]
[Round "4"]
[White "Stojanovic, Sreten"]
[Black "Siva, Mahadevan"]
[Result "0-1"]
[WhiteElo "2137"]
[BlackElo "2388"]
[PlyCount "100"]
[EventDate "2015.11.24"]
[EventType "swiss"]
[EventRounds "9"]
[EventCountry "SRB"]
[SourceTitle "CBM 169 Extra"]
[Source "ChessBase"]
[SourceDate "2015.12.18"]
[SourceVersion "1"]
[SourceVersionDate "2015.12.18"]
[SourceQuality "1"]

1. e4 c5 2. Nf3 d6 3. Bc4 Nf6 4. c3 e6 5. Qe2 Be7 6. d4 d5 7. exd5 exd5 8. Bb5+ Nc6 9. Ne5 Bd7 10. Nxd7 Qxd7 11. dxc5 0-0 12. 0-0 Bxc5 13. Bf4 Qf5 14. Qf3 Ne4 15. Be3 Qxf3 16. gxf3 Bxe3 17. fxe4 Bf4 18. exd5 Ne5 19. Na3 Rad8 20. Rad1 Rd6 21. f3 Rfd8 22. c4 Rh6 23. Rde1 Bxh2+ 24. Kg2 Nd3 25. Re3 Nf4+ 26. Kf2 Rg6 27. Re4 a6 28. Ba4 Rg2+ 29. Ke3 Rxb2 30. Bb3 Re2+ 31. Kd4 Ne6+ 32. Kc3 Rxe4 33. fxe4 Be5+ 34. Kd2 g6 35. Nc2 Nc5 36. Ke3 Re8 37. Nd4 h5 38. Bc2 Kg7 39. Nf3 f6 40. Nh4 Bg3 41. Nf3 h4 42. Rh1 f5 43. e5 Bxe5 44. Nxe5 Nd7 45. Rxh4 Nxe5 46. Kf2 Ng4+ 47. Kg3 Re3+ 48. Kf4 Rc3 49. Bxf5 Rxc4+ 50. Be4 Nf6 0-1

[Event "Belgrade Trophy 29th"]
[Site "Belgrade"]
[Date "2015.11.25"]
[Round "2"]
[White "Stojanovic, Sreten"]
[Black "Radovanovic, Mihajlo"]
[Result "0-1"]
[WhiteElo "2137"]
[BlackElo "2379"]
[PlyCount "64"]
[EventDate "2015.11.24"]
[EventType "swiss"]
[EventRounds "9"]
[EventCountry "SRB"]
[SourceTitle "CBM 169 Extra"]
[Source "ChessBase"]
[SourceDate "2015.12.18"]
[SourceVersion "1"]
[SourceVersionDate "2015.12.18"]
[SourceQuality "1"]

1. e4 c5 2. Nf3 d6 3. Bc4 e6 4. c3 Nf6 5. Qe2 Qc7 6. d4 cxd4 7. Nxd4 a6 8. Nd2 Nbd7 9. Bb3 Nc5 10. Bc2 Be7 11. b4 Ncd7 12. Bb2 Nb6 13. Bb3 e5 14. Nf5 Bxf5 15. exf5 Qd7 16. g4 Na4 17. Nc4 Nxb2 18. Qxb2 Nxg4 19. Nb6 Qxf5 20. Ba4+ Kf8 21. Qe2 Rd8 22. Bc2 Qe6 23. c4 Bh4 24. 0-0 Nf6 25. Rad1 h5 26. f3 Bg5 27. Kh1 h4 28. Rf2 Nh5 29. Qd3 Bf4 30. Kg1 Rh6 31. Nd5 Qh3 32. Qf1 Qe6 0-1

[Event "SRB-chT3 East"]
[Site "Serbia"]
[Date "2015.10.16"]
[Round "8.47"]
[White "Dragojevic, Leon"]
[Black "Stojanovic, Sreten"]
[Result "1-0"]
[WhiteElo "1873"]
[BlackElo "2137"]
[PlyCount "113"]
[EventDate "2015.09.06"]
[EventType "team-tourn"]
[EventRounds "11"]
[EventCountry "SRB"]
[SourceTitle "EXT 2022"]
[Source "ChessBase"]
[SourceDate "2021.10.06"]
[SourceVersion "1"]
[SourceVersionDate "2021.10.06"]
[SourceQuality "1"]

1. e4 c6 2. d4 e6 3. Nf3 d5 4. exd5 exd5 5. c4 Bg4 6. h3 Bb4+ 7. Nbd2 Qe7+ 8. Qe2 Bxf3 9. gxf3 dxc4 10. Qxe7+ Nxe7 11. Bxc4 Nf5 12. d5 Nd4 13. Kd1 b5 14. Re1+ Kf8 15. Re4 c5 16. Bf1 Nd7 17. a3 Bxd2 18. Bxd2 Nf6 19. Rxd4 cxd4 20. Bb4+ Kg8 21. d6 a6 22. a4 Nd5 23. Ba5 g6 24. axb5 axb5 25. Bxb5 Ra7 26. d7 Kg7 27. Ra3 Nc7 28. Bb6 Rb7 29. Bxd4+ f6 30. Bc6 Rb4 31. Bc5 Rc4 32. Ra7 Rxc5 33. Rxc7 Rd8 34. b4 Rxc6 35. Rxc6 Rxd7+ 36. Kc2 Rd4 37. b5 Rb4 38. b6 Kh6 39. Rxf6 Kg5 40. Kc3 Rb1 41. Rd6 Kf4 42. Kc4 Kxf3 43. Kc5 Kxf2 44. Rd7 h5 45. h4 Rc1+ 46. Kb5 Rb1+ 47. Kc6 Rc1+ 48. Kd6 Kg3 49. Rg7 Kxh4 50. Rxg6 Kh3 51. b7 Rb1 52. Kc7 Rxb7+ 53. Kxb7 h4 54. Kc6 Kh2 55. Kd5 h3 56. Ke4 Kh1 57. Kf3 1-0

[Event "SRB-chT2 East"]
[Site "Golubac"]
[Date "2008.10.17"]
[Round "8.5"]
[White "Stojanovic, Sreten"]
[Black "Rakovic, Miroslav"]
[Result "1-0"]
[WhiteElo "2200"]
[BlackElo "2042"]
[PlyCount "91"]
[EventDate "2008.09.14"]
[EventType "team"]
[EventRounds "11"]
[EventCountry "SRB"]
[SourceTitle "EXT 2012"]
[Source "ChessBase"]
[SourceDate "2011.11.24"]
[SourceVersion "1"]
[SourceVersionDate "2011.11.24"]
[SourceQuality "1"]

1. e4 e6 2. Nf3 d5 3. exd5 exd5 4. d4 Nf6 5. Bd3 Bd6 6. Be3 0-0 7. Nbd2 Re8 8. h3 Ne4 9. Nf1 f5 10. g3 Nd7 11. c3 Ndf6 12. Qc2 c6 13. 0-0-0 b5 14. Kb1 a5 15. Ng5 h6 16. Nxe4 fxe4 17. Be2 Ba6 18. g4 Nh7 19. h4 b4 20. Bxa6 Rxa6 21. c4 Be7 22. g5 hxg5 23. hxg5 a4 24. Qe2 g6 25. cxd5 Ra7 26. dxc6 Qd5 27. Rc1 Rc7 28. Qc4 Rd8 29. Bf4 Rcc8 30. Ne3 Qxc4 31. Rxc4 Nxg5 32. Bxg5 Bxg5 33. Rg1 Bxe3 34. fxe3 b3 35. Rxg6+ Kf7 36. Rg1 Rd6 37. Rgc1 Ke6 38. Rxa4 bxa2+ 39. Kxa2 Kf5 40. Rf1+ Kg4 41. Ra7 Kg5 42. Rg7+ Kh6 43. Rg2 Kh7 44. Rh1+ Rh6 45. Rxh6+ Kxh6 46. d5 1-0

[Event "SRB-chT2 East"]
[Site "Golubac"]
[Date "2008.10.16"]
[Round "6.5"]
[White "Radosavljevic, Novica"]
[Black "Stojanovic, Sreten"]
[Result "0-1"]
[WhiteElo "2125"]
[BlackElo "2200"]
[PlyCount "38"]
[EventDate "2008.09.14"]
[EventType "team"]
[EventRounds "11"]
[EventCountry "SRB"]
[SourceTitle "EXT 2012"]
[Source "ChessBase"]
[SourceDate "2011.11.24"]
[SourceVersion "1"]
[SourceVersionDate "2011.11.24"]
[SourceQuality "1"]

1. e4 d5 2. exd5 Qxd5 3. Nc3 Qa5 4. d4 c6 5. Nf3 Nf6 6. Bc4 Bg4 7. h3 Bh5 8. g4 Bg6 9. Ne5 Nbd7 10. Nxg6 hxg6 11. Bd2 Qb6 12. Qe2 Qxd4 13. 0-0-0 Qe5 14. Qf3 Qc5 15. Bxf7+ Kxf7 16. Be3 Ne5 17. Qf4 g5 18. Qxg5 Qa5 19. b4 Qa3+ 0-1

[Event "SRB-chT3 East"]
[Site "Serbia"]
[Date "2007.??.??"]
[Round "3"]
[White "Floricelovic, Milos"]
[Black "Stojanovic, Sreten"]
[Result "0-1"]
[WhiteElo "2212"]
[BlackElo "2194"]
[PlyCount "138"]
[EventDate "2007.09.02"]
[EventType "team"]
[EventRounds "11"]
[EventCountry "SRB"]
[SourceTitle "EXT 2012"]
[Source "ChessBase"]
[SourceDate "2011.11.24"]
[SourceVersion "1"]
[SourceVersionDate "2011.11.24"]
[SourceQuality "1"]
[WhiteTeam "Hemicar"]
[BlackTeam "Bakar"]
[WhiteTeamCountry "SRB"]
[BlackTeamCountry "SRB"]

1. e4 d5 2. exd5 Qxd5 3. Nc3 Qa5 4. d4 c6 5. Bc4 Nf6 6. Nf3 Bg4 7. h3 Bh5 8. g4 Bg6 9. Bd2 Nbd7 10. Qe2 e6 11. g5 Ng8 12. 0-0-0 Bb4 13. d5 cxd5 14. Nxd5 Bxd2+ 15. Rxd2 Ne7 16. Nxe7 Kxe7 17. Nd4 Nc5 18. h4 Ne4 19. Rdd1 Rhd8 20. Kb1 Qb6 21. Qe3 Rac8 22. Bb3 e5 23. h5 exd4 24. Qf4 Qd6 25. Qxd6+ Rxd6 26. hxg6 Nxg5 27. Rde1+ Kf6 28. gxf7 Nxf7 29. Bxf7 Kxf7 30. Rxh7 Rf6 31. Rg1 Rg8 32. Rg2 Re6 33. Kc1 Re2 34. Kd1 d3 35. cxd3 Rxb2 36. a4 Ra2 37. Rh4 Rd8 38. Rf4+ Kg8 39. Rg3 Rc8 40. Rfg4 Rc7 41. Rg2 Rf7 42. Ke1 Re7+ 43. Kd1 a6 44. Rd4 Kf7 45. Rdg4 Kf8 46. Rd4 Rf7 47. Ke1 Re7+ 48. Kd1 Ke8 49. Rdg4 Rd7 50. Rxg7 Rxd3+ 51. Kc1 Rh3 52. Kb1 Re2 53. Rg8+ Kd7 54. R8g7+ Kc8 55. Rg8+ Kc7 56. R8g7+ Kb6 57. R7g6+ Ka5 58. R6g5+ Kxa4 59. R2g4+ Kb3 60. Rg3+ Rxg3 61. Rxg3+ Kb4 62. f4 Rf2 63. Rg7 b5 64. Rf7 a5 65. f5 Kb3 66. Kc1 a4 67. Rb7 b4 68. Rb5 a3 69. f6 a2 0-1